000 00757nam a22002297a 4500
003 UA-OsUOA
001 44917
007 ta
008 20110713b un ||||| |||| 00| 0 ukr d
090 _a82-6
_bЕ99
942 _cBK
040 _aUA-OsUOA
_bukr
_cUA-OsUOA
_dUA-OsUOA
245 _aЄ. Чикаленко. С. Єфремов. Листування. 1903-1928 роки
_cУпор. та вс. ст. І Старовойтенко
300 _a383 с.
955 _a4
041 _aukr
080 _a82-6
260 _aК.
_bТемпора
_c2010
650 7 _a82 Література. Літературознавство
_2UDC
999 _c425013
_d425013